000 00698nam a2200229 a 4500
999 _c12638
_d12638
001 12638
003 BD-JhCC
005 20221024112926.0
008 221024s2020 bg |||| |||| 000 0 ban d
020 _a9789849431909
035 _a(BD-JhCC)12638
040 _aBD-JhCC
_dBD-JhCC
041 _aBangla
082 _a891.443
_bHOS 2022
100 _aহোসাইন, সাদাত
245 _aঅর্ধবৃত্ত /
_cসাদাত হোসাইন
260 _aঢাকা :
_bঅন্যধারা,
_c২০২১
300 _a৩৮৪ পৃ. :
_c২২ সেমি.
650 _aবাংলা উপন্যাস
650 _aBengali Novel
942 _2ddc
_cBK